ბათუმის შოთა რუსთაველის სახელმწიფო უნივერსიტეტის ბიბლიოთეკა

ეკოლოგიის საფუძვლები (ბიბ.ჩანაწერი № 47225)

000 -LEADER
fixed length control field 00692nam a2200217Ia 4500
001 - CONTROL NUMBER
control field 14085
003 - CONTROL NUMBER IDENTIFIER
control field GE_BSU
008 - FIXED-LENGTH DATA ELEMENTS--GENERAL INFORMATION
fixed length control field 181216s||||||||xx |||||||||||||| ||und||
040 ## - CATALOGING SOURCE
Transcribing agency GE_BSU
100 ## - MAIN ENTRY--PERSONAL NAME
Personal name ელიავა,ი ნახუცრიშვილი გ. ქაჯაია გ.
245 ## - TITLE STATEMENT
Title ეკოლოგიის საფუძვლები
250 ## - EDITION STATEMENT
Edition statement 2 გამოც.
260 ## - PUBLICATION, DISTRIBUTION, ETC.
Place of publication, distribution, etc. თბილისი
260 ## - PUBLICATION, DISTRIBUTION, ETC.
Name of publisher, distributor, etc. თბილისის სახ.უნ-ტი
260 ## - PUBLICATION, DISTRIBUTION, ETC.
Date of publication, distribution, etc. 2009
300 ## - PHYSICAL DESCRIPTION
Extent 249გვ.
653 ## - INDEX TERM--UNCONTROLLED
Uncontrolled term ეკოლოგია
653 ## - INDEX TERM--UNCONTROLLED
Uncontrolled term ეკოლოგიის საფუძვლები
942 ## - ADDED ENTRY ELEMENTS (KOHA)
Koha item type წიგნი
ეგზემპლარები
Withdrawn status Lost status Damaged status Not for loan Date acquired Barcode Date last seen Price effective from Koha item type
        2018-12-17 2116 2018-12-17 2018-12-17 წიგნი
        2018-12-17 2117 2018-12-17 2018-12-17 წიგნი
        2018-12-17 2118 2018-12-17 2018-12-17 წიგნი